Ils ont marqué au moins 10 buts en Coupe du Monde (Mort subite) - Statistiques

Statistiques générales
  • Ce quiz a été pris 707 fois
  • Le résultat moyen est 4 sur 15
Answers on the Grid
Answers color-coded by a green-red scale on the quiz's grid according to % correct below.
Miroslav Klose
Ronaldo
Gerd Müller
Lionel Messi
Juste Fontaine
Pelé
Kylian Mbappé
Sándor Kocsis
Jürgen Klinsmann
Helmut Rahn
Gary Lineker
Gabriel Batistuta
Teófilo Cubillas
Thomas Müller
Grzegorz Lato
Ademir
Eusébio
Christian Vieri
David Villa
Paolo Rossi
Jairzinho
Roberto Baggio
Karl-Heinz Rummenigge
Harry Kane
Diego Maradona
Cristiano Ronaldo
Luis Suárez
Thierry Henry
Arjen Robben
Neymar
 
Statistiques - réponses
Réponse % Correct
13 Lionel Messi
57%
12 Kylian Mbappé
52%
16 Miroslav Klose
51%
12 Pelé
49%
13 Juste Fontaine
43%
15 Ronaldo
40%
14 Gerd Müller
37%
10 Thomas Müller
30%
10 Gabriel Batistuta
6%
10 Gary Lineker
6%
11 Jürgen Klinsmann
6%
11 Sándor Kocsis
6%
10 Teófilo Cubillas
5%
10 Grzegorz Lato
2%
10 Helmut Rahn
2%
Aucun quiz correspondant
Distribution des résultats
% des personnes avec chaque résultat
Percentile par nombre de réponses
Votre historique - résultats
Vous n’avez pas pris ce quiz